000
00320nam a2200133Ia 4500
008
260604s9999 xx 000 0 und d
020
_a
9788198096463
082
_a
001.4 PAN
100
_a
PANDEY
_9
35284
245
0
_a
RESEARCH METHODS & LEGAL WRITING
260
_b
DPS
500
_a
Research, Legal Writing
942
_c
BK
999
_c
8130
_d
8130